[Event "BAN-chT Premier"]
[Site "Dhaka"]
[Date "2022.12.07"]
[Round "8.4"]
[White "Haque, Rezaul"]
[Black "Nayem, Haque"]
[Result "1/2-1/2"]
[WhiteElo "1949"]
[BlackElo "2189"]
[PlyCount "85"]
[EventDate "2022.11.30"]
[EventType "team-tourn"]
[EventRounds "11"]
[EventCountry "BAN"]
[SourceTitle "CBM 211 Extra"]
[Source "ChessBase"]
[SourceDate "2023.01.31"]
[SourceVersion "1"]
[SourceVersionDate "2023.01.31"]
[SourceQuality "1"]
[WhiteTeam "Rupali Bank Krira Parisad"]
[BlackTeam "Bangladesh Biman"]
[WhiteTeamCountry "BAN"]
[BlackTeamCountry "BAN"]

1. Nf3 d5 2. d3 Nf6 3. Bg5 e6 4. Nbd2 Be7 5. c3 c5 6. e4 Nc6 7. a4 0-0 8. Be2 Qb6 9. Qc2 h6 10. Bh4 Qc7 11. 0-0 b6 12. Rfe1 Bb7 13. Bf1 Rac8 14. Rac1 Rfe8 15. Qb1 Qd8 16. e5 Nd7 17. Bxe7 Qxe7 18. b3 a6 19. Qb2 Rf8 20. d4 cxd4 21. cxd4 Nb4 22. Rxc8 Rxc8 23. Rc1 Rxc1 24. Qxc1 Nb8 25. Nb1 N8c6 26. Na3 Na2 27. Qb2 Ncb4 28. Nc2 Qc7 29. Nxb4 Nxb4 30. Ne1 a5 31. Bb5 Bc8 32. Qd2 Bd7 33. Bxd7 Qxd7 34. Nc2 Qe7 35. Nxb4 Qxb4 36. Qxb4 axb4 37. f4 g6 38. Kf2 Kg7 39. Kf3 Kh7 40. Kg4 Kg7 41. Kh4 Kh7 42. Kg4 Kg7 43. Kh4 1/2-1/2

[Event "Dhaka Bangabandhu op-B"]
[Site "Dhaka"]
[Date "2021.03.16"]
[Round "8"]
[White "Haque, Rezaul"]
[Black "Khondaker, Arafat"]
[Result "1-0"]
[WhiteElo "2002"]
[BlackElo "1644"]
[PlyCount "82"]
[EventDate "2021.03.09"]
[EventType "swiss"]
[EventRounds "9"]
[EventCountry "BAN"]
[SourceTitle "CBM 201 Extra"]
[Source "ChessBase"]
[SourceDate "2021.05.31"]
[SourceVersion "1"]
[SourceVersionDate "2021.05.31"]
[SourceQuality "1"]

1. Nf3 Nc6 2. d4 d5 3. c4 Bg4 4. e3 Nf6 5. Nc3 e5 6. dxe5 Bxf3 7. gxf3 Nxe5 8. cxd5 c6 9. f4 Ng6 10. dxc6 Qxd1+ 11. Kxd1 bxc6 12. Bg2 Rd8+ 13. Ke2 Rc8 14. e4 Bb4 15. e5 Bxc3 16. bxc3 Nd5 17. Bxd5 cxd5 18. Rd1 Rxc3 19. Rxd5 Rxc1 20. Rxc1 Nxf4+ 21. Kf3 Nxd5 22. Rc8+ Ke7 23. Rxh8 Nc7 24. Rxh7 Ne6 25. Rh8 Nf8 26. Ke4 a6 27. Kd5 a5 28. a4 Nd7 29. Rh4 Nb6+ 30. Kc6 Nd7 31. Re4 Ke6 32. f4 g5 33. fxg5 Nxe5+ 34. Kb5 Kf5 35. Rxe5+ Kxe5 36. Kxa5 Kf5 37. Kb6 Kxg5 38. a5 f5 39. a6 f4 40. a7 Kg4 41. a8Q f3 1-0

[Event "Dhaka Bangabandhu op-B"]
[Site "Dhaka"]
[Date "2021.03.14"]
[Round "6"]
[White "Haque, Rezaul"]
[Black "Golam Rasul, Bhuiyan"]
[Result "1/2-1/2"]
[WhiteElo "2002"]
[BlackElo "1747"]
[PlyCount "72"]
[EventDate "2021.03.09"]
[EventType "swiss"]
[EventRounds "9"]
[EventCountry "BAN"]
[SourceTitle "CBM 201 Extra"]
[Source "ChessBase"]
[SourceDate "2021.05.31"]
[SourceVersion "1"]
[SourceVersionDate "2021.05.31"]
[SourceQuality "1"]

1. Nf3 d5 2. d3 g6 3. c3 Bg7 4. Nbd2 Nf6 5. e4 dxe4 6. dxe4 0-0 7. Be2 Nc6 8. 0-0 Bg4 9. Qc2 a5 10. a4 Nd7 11. Re1 Nde5 12. Nxe5 Nxe5 13. Bxg4 Nxg4 14. Nf3 Ne5 15. Nxe5 Bxe5 16. Bh6 Bg7 17. Bxg7 Kxg7 18. Rad1 Qc8 19. Qb3 b6 20. Qd5 e6 21. Qc6 Rd8 22. Rd4 Rxd4 23. cxd4 Rb8 24. Rc1 Qb7 25. Qxc7 Qxc7 26. Rxc7 b5 27. axb5 Rxb5 28. Rc2 Rb4 29. Rd2 e5 30. d5 Kf8 31. f3 Ke7 32. Kf2 f5 33. Ke3 Kd6 34. Kd3 a4 35. Re2 h5 36. Ke3 Rc4 1/2-1/2

[Event "Dhaka Bangabandhu op-B"]
[Site "Dhaka"]
[Date "2021.03.09"]
[Round "1"]
[White "Mofakkhar Hossain Khan, Khali"]
[Black "Haque, Rezaul"]
[Result "0-1"]
[WhiteElo "1687"]
[BlackElo "2002"]
[PlyCount "78"]
[EventDate "2021.03.09"]
[EventType "swiss"]
[EventRounds "9"]
[EventCountry "BAN"]
[SourceTitle "CBM 201 Extra"]
[Source "ChessBase"]
[SourceDate "2021.05.31"]
[SourceVersion "1"]
[SourceVersionDate "2021.05.31"]
[SourceQuality "1"]

1. e4 d6 2. f4 Nf6 3. Nc3 c6 4. Nf3 b5 5. a3 a6 6. d4 c5 7. dxc5 dxc5 8. Qxd8+ Kxd8 9. e5 Nfd7 10. Be3 e6 11. Bd3 Bb7 12. 0-0 Be7 13. Be4 Nc6 14. Rad1 Ke8 15. Rd2 Nb6 16. Rfd1 Nc4 17. Rd7 Nxe3 18. Rxb7 Na5 19. Rxe7+ Kxe7 20. Rd3 Nec4 21. Bxa8 Rxa8 22. b4 cxb4 23. axb4 Nc6 24. Na2 a5 25. bxa5 Rxa5 26. Nc3 Nb4 27. Nd4 Nxd3 28. Nc6+ Kd7 29. Nxa5 Nxa5 30. cxd3 b4 31. Na4 Kc6 32. Kf1 Kd5 33. Ke2 Kd4 34. Kd2 Nb3+ 35. Kc2 Nc5 36. Nxc5 Kxc5 37. Kb3 h5 38. g3 g6 39. h4 Kb5 0-1

[Event "BAN-chT"]
[Site "Dhaka"]
[Date "2019.12.17"]
[Round "11.1"]
[White "Mehdi, Hasan Parag"]
[Black "Haque, Rezaul"]
[Result "1-0"]
[WhiteElo "2169"]
[BlackElo "2023"]
[PlyCount "103"]
[EventDate "2019.12.07"]
[EventType "team-tourn"]
[EventRounds "11"]
[EventCountry "BAN"]
[SourceTitle "CBM 194 Extra"]
[Source "ChessBase"]
[SourceDate "2020.03.31"]
[SourceVersion "1"]
[SourceVersionDate "2020.03.31"]
[SourceQuality "1"]
[WhiteTeam "Titas CC"]
[BlackTeam "Bangladesh Biman"]
[WhiteTeamCountry "BAN"]
[BlackTeamCountry "BAN"]

1. e4 d6 2. d4 Nf6 3. Nc3 e5 4. Nf3 Nc6 5. h3 Bd7 6. Be3 g6 7. Qd2 Bg7 8. dxe5 dxe5 9. Bc5 Be6 10. Qe3 Nd7 11. Rd1 Qc8 12. Bb5 a6 13. Bxc6 bxc6 14. 0-0 h5 15. Ba3 Bc4 16. Rfe1 Bh6 17. Rxd7 Qxd7 18. Qc5 Qe6 19. Nd5 0-0-0 20. Ne7+ Kb7 21. Nxe5 Bf8 22. Nxc4 Bxe7 23. Na5+ Kc8 24. Qxe7 Qxe7 25. Bxe7 Rd2 26. Bf6 Re8 27. Bc3 Rd6 28. e5 Rde6 29. f4 Rd8 30. Nb3 Ree8 31. Nc5 a5 32. Bxa5 g5 33. Bc3 gxf4 34. Nd3 f3 35. gxf3 Rg8+ 36. Kh2 h4 37. Rg1 Rxg1 38. Kxg1 Rg8+ 39. Kf2 Rg3 40. Nf4 c5 41. a4 Kb7 42. Ne2 Rg6 43. f4 Kc6 44. Kf3 Kd5 45. f5 Rg5 46. Nf4+ Kc6 47. Ke4 Rg1 48. a5 Rc1 49. f6 Kd7 50. Nd3 Rh1 51. a6 Kc6 52. e6 1-0

[Event "BAN-chT"]
[Site "Dhaka"]
[Date "2019.12.13"]
[Round "7.1"]
[White "Haque, Rezaul"]
[Black "Jobava, Baadur"]
[Result "0-1"]
[WhiteElo "2023"]
[BlackElo "2604"]
[PlyCount "78"]
[EventDate "2019.12.07"]
[EventType "team-tourn"]
[EventRounds "11"]
[EventCountry "BAN"]
[SourceTitle "CBM 193 Extra"]
[Source "ChessBase"]
[SourceDate "2020.01.31"]
[SourceVersion "1"]
[SourceVersionDate "2020.01.31"]
[SourceQuality "1"]
[WhiteTeam "Bangladesh Biman"]
[BlackTeam "Bangladesh Police"]
[WhiteTeamCountry "BAN"]
[BlackTeamCountry "BAN"]

1. Nf3 d5 2. d3 Nc6 3. c3 e5 4. b4 e4 5. dxe4 dxe4 6. Qxd8+ Nxd8 7. Nd4 Ne6 8. Be3 Nf6 9. Nd2 a5 10. bxa5 Rxa5 11. g3 Nd5 12. Nxe4 Nxe3 13. fxe3 Nc5 14. Bg2 h5 15. 0-0 Nd7 16. Nf3 g6 17. Nfg5 f5 18. Nd2 Ne5 19. Nb3 Ra3 20. e4 h4 21. exf5 hxg3 22. fxg6 Bh6 23. Bd5 Ra6 24. Bf7+ Nxf7 25. gxf7+ Kf8 26. h4 g2 27. Rf2 Bxg5 28. hxg5 Be6 29. Nc5 Rh1+ 30. Kxg2 Rxa1 31. Nxa6 Bd5+ 32. Kh3 bxa6 33. g6 Rg1 34. Rf6 Be4 35. Rxa6 Rxg6 36. Rxg6 Bxg6 37. Kg4 Kxf7 38. Kf4 Ke6 39. e4 Be8 0-1

[Event "BAN Walton 1st League"]
[Site "Dhaka"]
[Date "2018.10.31"]
[Round "7.1"]
[White "Sumit, Kumar1111"]
[Black "Haque, Rezaul"]
[Result "1/2-1/2"]
[WhiteElo "2183"]
[BlackElo "2038"]
[PlyCount "102"]
[EventDate "2018.10.25"]
[EventType "team-tourn"]
[EventRounds "11"]
[EventCountry "BAN"]
[SourceTitle "CBM 187 Extra"]
[Source "ChessBase"]
[SourceDate "2018.11.04"]
[SourceVersion "1"]
[SourceVersionDate "2018.11.04"]
[SourceQuality "1"]
[WhiteTeam "Mir CC"]
[BlackTeam "Leonine CC"]
[WhiteTeamCountry "BAN"]
[BlackTeamCountry "BAN"]

1. e4 d6 2. d4 Nf6 3. Nc3 e5 4. Nf3 Bg4 5. dxe5 Bxf3 6. gxf3 dxe5 7. Qxd8+ Kxd8 8. f4 Bb4 9. Bd2 Nbd7 10. f3 Ke7 11. 0-0-0 c6 12. fxe5 Nxe5 13. f4 Bxc3 14. Bxc3 Neg4 15. Re1 Rhg8 16. Be2 Nh6 17. Rhg1 g6 18. Rg3 Rge8 19. Rh3 Nhg8 20. Bb4+ Kd8 21. Rd1+ Kc7 22. e5 Nd5 23. Bd6+ Kd7 24. Rxh7 Ke6 25. Rd4 Nge7 26. c4 Ne3 27. Bxe7 Kxe7 28. Rd6 Rh8 29. Rxh8 Rxh8 30. Rd3 Nxc4 31. Rb3 Nb6 32. Ra3 Ra8 33. Bf3 Ke6 34. Rb3 Rb8 35. h3 Nd5 36. Bg4+ f5 37. exf6+ Kxf6 38. Rf3 Re8 39. f5 g5 40. Ra3 a6 41. Rb3 Re7 42. Kd2 a5 43. Rd3 Re5 44. a3 b5 45. Rd4 a4 46. Rd3 c5 47. Kc1 c4 48. Rd4 Ke7 49. Bf3 Ne3 50. Re4 Rxe4 51. Bxe4 Kf6 1/2-1/2

[Event "Dhaka Walton op 07"]
[Site "Dhaka"]
[Date "2018.07.12"]
[Round "9"]
[White "Haque, Rezaul"]
[Black "Abdul, Momin"]
[Result "0-1"]
[WhiteElo "2019"]
[BlackElo "2019"]
[PlyCount "82"]
[EventDate "2018.07.04"]
[EventType "swiss"]
[EventRounds "9"]
[EventCountry "BAN"]
[SourceTitle "EXT 2019"]
[Source "ChessBase"]
[SourceDate "2018.10.10"]
[SourceVersion "1"]
[SourceVersionDate "2018.10.10"]
[SourceQuality "1"]

1. Nf3 d5 2. d3 Nf6 3. Bg5 h6 4. Bh4 c5 5. c3 Nc6 6. Nbd2 e5 7. e4 Be7 8. Be2 Be6 9. 0-0 0-0 10. Re1 Qc7 11. Rc1 Rad8 12. Qc2 b5 13. Bxf6 Bxf6 14. b4 Qb6 15. a3 Rc8 16. Qb1 a6 17. Bf1 cxb4 18. cxb4 d4 19. Nb3 Bxb3 20. Qxb3 a5 21. bxa5 Nxa5 22. Qb2 Nb7 23. Rb1 Nd6 24. a4 Rc3 25. axb5 Rfc8 26. Qb4 R8c5 27. Qa4 Rxb5 28. Rxb5 Qxb5 29. Qxb5 Nxb5 30. Rb1 Rc5 31. Ra1 g6 32. g3 Kg7 33. Bh3 Rc3 34. Bf1 Rb3 35. Nd2 Ra3 36. Rb1 Nc3 37. Rb7 Ra1 38. Nc4 g5 39. Nd6 Kg8 40. Rxf7 Nxe4 41. Rd7 Nd2 0-1

[Event "Dhaka Walton op 07"]
[Site "Dhaka"]
[Date "2018.07.09"]
[Round "6"]
[White "Haque, Rezaul"]
[Black "Md, Matiur Rahman"]
[Result "1/2-1/2"]
[WhiteElo "2019"]
[BlackElo "1970"]
[PlyCount "58"]
[EventDate "2018.07.04"]
[EventType "swiss"]
[EventRounds "9"]
[EventCountry "BAN"]
[SourceTitle "EXT 2019"]
[Source "ChessBase"]
[SourceDate "2018.10.10"]
[SourceVersion "1"]
[SourceVersionDate "2018.10.10"]
[SourceQuality "1"]

1. Nf3 Nf6 2. d3 g6 3. e4 d6 4. Be2 Bg7 5. 0-0 0-0 6. Re1 c5 7. Bf1 e5 8. a4 Nc6 9. c3 h6 10. Nbd2 Be6 11. Nc4 Qc7 12. Nfd2 Rad8 13. Qc2 b6 14. g3 d5 15. Ne3 d4 16. Ng2 Nh7 17. Nf3 f5 18. Nfh4 Qf7 19. exf5 gxf5 20. c4 Nf6 21. f3 Nh5 22. b4 Nxb4 23. Qd1 e4 24. dxe4 fxe4 25. Rxe4 Nf6 26. Re1 Bxc4 27. Bxc4 Qxc4 28. Ng6 Rfe8 29. Ne5 Qd5 1/2-1/2

[Event "Dhaka Walton op 07"]
[Site "Dhaka"]
[Date "2018.07.06"]
[Round "3"]
[White "Haque, Rezaul"]
[Black "Tutul, Dhar"]
[Result "1-0"]
[WhiteElo "2019"]
[BlackElo "1903"]
[PlyCount "109"]
[EventDate "2018.07.04"]
[EventType "swiss"]
[EventRounds "9"]
[EventCountry "BAN"]
[SourceTitle "EXT 2019"]
[Source "ChessBase"]
[SourceDate "2018.10.10"]
[SourceVersion "1"]
[SourceVersionDate "2018.10.10"]
[SourceQuality "1"]

1. Nf3 d5 2. d3 Nf6 3. Bg5 c5 4. c3 Nbd7 5. Nbd2 e6 6. e4 Be7 7. Qc2 b5 8. Be2 Bb7 9. e5 Ng4 10. Bxe7 Qxe7 11. d4 a6 12. 0-0 Rc8 13. Qd1 b4 14. a3 a5 15. axb4 axb4 16. Bb5 0-0 17. Ra7 Rc7 18. Nb3 c4 19. Na5 Rb8 20. Qa4 bxc3 21. bxc3 Nb6 22. Qb4 Qxb4 23. cxb4 Nc8 24. Rxb7 Rbxb7 25. Nxb7 Rxb7 26. Ba6 Rb8 27. Bxc8 Rxc8 28. Rb1 Kf8 29. Ne1 f6 30. f4 fxe5 31. fxe5 Ke7 32. Nc2 Rf8 33. h3 Nf2 34. Ra1 Nd3 35. Ra7+ Ke8 36. Ra8+ Kf7 37. Ra7+ Kg6 38. Re7 Rf2 39. Ne3 Re2 40. Nxc4 dxc4 41. Rxe6+ Kf7 42. Rc6 Re1+ 43. Kh2 Rc1 44. b5 Nb4 45. Rc7+ Ke6 46. b6 Kd5 47. b7 Na6 48. e6 Kxd4 49. Rc6 Nb8 50. Rc8 Na6 51. e7 Re1 52. e8Q Rxe8 53. Rxe8 c3 54. Ra8 c2 55. Rxa6 1-0

[Event "Dhaka Walton op 07"]
[Site "Dhaka"]
[Date "2018.07.04"]
[Round "1"]
[White "Haque, Rezaul"]
[Black "Mahbub, Uddin Ahmed"]
[Result "1-0"]
[WhiteElo "2019"]
[BlackElo "1663"]
[PlyCount "103"]
[EventDate "2018.07.04"]
[EventType "swiss"]
[EventRounds "9"]
[EventCountry "BAN"]
[SourceTitle "EXT 2019"]
[Source "ChessBase"]
[SourceDate "2018.10.10"]
[SourceVersion "1"]
[SourceVersionDate "2018.10.10"]
[SourceQuality "1"]

1. Nf3 Nc6 2. g3 e5 3. d3 d5 4. Bg2 h6 5. 0-0 Nf6 6. c3 Bd6 7. Nbd2 Be6 8. e4 0-0 9. Re1 Qd7 10. a4 Rae8 11. b4 Bh3 12. Nb3 dxe4 13. dxe4 Bxg2 14. Kxg2 Qe6 15. Nfd2 Rd8 16. Qe2 Nh7 17. h4 f5 18. Qc4 Qxc4 19. Nxc4 fxe4 20. Nbd2 Nf6 21. Nxe4 Nxe4 22. Rxe4 Rde8 23. Be3 a6 24. b5 Nb8 25. Rd1 Rf6 26. Rd5 Rfe6 27. Bc5 axb5 28. Bxd6 bxc4 29. Bxc7 Nc6 30. Rxc4 e4 31. Bf4 Kf7 32. a5 Kf6 33. g4 Ra8 34. Rcc5 Ne7 35. Be5+ Kg6 36. Rd7 Rxe5 37. Rxe5 Nc6 38. Re6+ Kh7 39. Rxb7 Nxa5 40. Rb4 Rc8 41. Rb5 Nc4 42. g5 hxg5 43. Rxg5 Nd2 44. Re7 Rg8 45. Rd5 Nb1 46. Rc7 Rb8 47. Rdd7 Rg8 48. Kg3 Kh6 49. Kg4 Rf8 50. Rxg7 Nxc3 51. Rh7+ Kg6 52. h5+ 1-0

[Event "Dhaka Walton op"]
[Site "Dhaka"]
[Date "2018.05.30"]
[Round "5"]
[White "Rahman, Md Ataur"]
[Black "Haque, Rezaul"]
[Result "0-1"]
[WhiteElo "1876"]
[BlackElo "2032"]
[PlyCount "102"]
[EventDate "2018.05.26"]
[EventType "swiss"]
[EventRounds "9"]
[EventCountry "BAN"]
[SourceTitle "CBM 184 Extra"]
[Source "ChessBase"]
[SourceDate "2018.06.28"]
[SourceVersion "1"]
[SourceVersionDate "2018.06.28"]
[SourceQuality "1"]

1. e4 Nc6 2. d4 d5 3. e5 f6 4. f4 Bf5 5. Be3 e6 6. Nf3 Nh6 7. h3 fxe5 8. fxe5 Nf7 9. Bd3 g6 10. g4 Bxd3 11. Qxd3 Qd7 12. Nbd2 0-0-0 13. a3 Bh6 14. Bxh6 Nxh6 15. Nb3 b6 16. 0-0-0 Rdf8 17. Rhf1 Nf7 18. Kb1 Ne7 19. Rd2 g5 20. Rdf2 Ng6 21. Qe3 Qe7 22. Qd3 c6 23. Qe3 Kb7 24. Ka2 h6 25. Nfd2 Nd8 26. c4 Rxf2 27. Rxf2 Rf8 28. cxd5 cxd5 29. Rxf8 Nxf8 30. Qf3 Qf7 31. Qxf7+ Nxf7 32. Nf3 Ng6 33. Nbd2 Nf4 34. h4 gxh4 35. Nxh4 Ng5 36. Nhf3 Ne4 37. Kb3 Kc6 38. Kc2 Kb5 39. b3 Kc6 40. a4 b5 41. axb5+ Kxb5 42. Nxe4 dxe4 43. Nd2 e3 44. Nf3 Kc6 45. Kc3 Kd5 46. g5 Ke4 47. gxh6 Kxf3 48. h7 Ng6 49. d5 exd5 50. e6 e2 51. Kd2 Kf2 0-1

[Event "BAN-chT"]
[Site "Dhaka"]
[Date "2017.12.14"]
[Round "6.1"]
[White "Avik, Sarker"]
[Black "Haque, Rezaul"]
[Result "1-0"]
[WhiteElo "2001"]
[BlackElo "2080"]
[PlyCount "67"]
[EventDate "2017.12.09"]
[EventType "team-tourn"]
[EventRounds "11"]
[EventCountry "BAN"]
[SourceTitle "CBM 182 Extra"]
[Source "ChessBase"]
[SourceDate "2018.02.23"]
[SourceVersion "1"]
[SourceVersionDate "2018.02.23"]
[SourceQuality "1"]
[WhiteTeam "Fire Service & Civil Defense"]
[BlackTeam "Leonine CC"]
[WhiteTeamCountry "BAN"]
[BlackTeamCountry "BAN"]

1. d4 d6 2. Nf3 Nf6 3. c4 c6 4. e3 Nbd7 5. Bd3 e5 6. Nbd2 Be7 7. 0-0 Qc7 8. b3 0-0 9. Bb2 Re8 10. Qc2 Bf8 11. Ng5 g6 12. h3 h6 13. Nxf7 Kxf7 14. Bxg6+ Kg7 15. Bxe8 Nxe8 16. f4 exd4 17. Bxd4+ Ndf6 18. g4 Kg8 19. g5 hxg5 20. fxg5 Nh7 21. Qg6+ Ng7 22. Ne4 Be6 23. Nf6+ Nxf6 24. gxf6 Qf7 25. Qxf7+ Bxf7 26. fxg7 Bxg7 27. Rad1 Bh6 28. Rf6 Bf8 29. Rdf1 Bh5 30. R1f5 Be2 31. Rg5+ Kh7 32. e4 Re8 33. Rf7+ Kh6 34. Be3 1-0

[Event "BAN-chT"]
[Site "Dhaka"]
[Date "2017.12.09"]
[Round "1.1"]
[White "Haque, Rezaul"]
[Black "Mchedlishvili, Mikheil"]
[Result "0-1"]
[WhiteElo "2080"]
[BlackElo "2603"]
[PlyCount "78"]
[EventDate "2017.12.09"]
[EventType "team-tourn"]
[EventRounds "11"]
[EventCountry "BAN"]
[SourceTitle "CBM 182 Extra"]
[Source "ChessBase"]
[SourceDate "2018.02.23"]
[SourceVersion "1"]
[SourceVersionDate "2018.02.23"]
[SourceQuality "1"]
[WhiteTeam "Leonine CC"]
[BlackTeam "Bengal"]
[WhiteTeamCountry "BAN"]
[BlackTeamCountry "BAN"]

1. Nf3 d5 2. g3 g6 3. Bg2 Bg7 4. 0-0 e5 5. d3 Ne7 6. e4 0-0 7. c3 c5 8. Nbd2 Nbc6 9. a4 h6 10. Re1 Re8 11. Nf1 Be6 12. Bd2 d4 13. cxd4 Nxd4 14. Nxd4 cxd4 15. f4 Qd7 16. fxe5 Nc6 17. Rc1 Rac8 18. h4 Nxe5 19. Rxc8 Rxc8 20. Bf4 Ng4 21. e5 Rc5 22. b4 Rc3 23. Be4 Bxe5 24. Bd2 Rc7 25. b5 h5 26. Qb1 Ne3 27. Bxe3 dxe3 28. Kh2 Qd8 29. Kg2 g5 30. Rxe3 Bd4 31. Qd1 Bxe3 32. Nxe3 Qd4 33. Qd2 Qf6 34. d4 Re7 35. hxg5 Qxg5 36. Qd3 h4 37. Nf1 Bd5 38. Bxd5 Qxd5+ 39. Kh2 Re4 0-1

[Event "BAN-chB 43rd"]
[Site "Dhaka"]
[Date "2017.11.12"]
[Round "6"]
[White "Haque, Rezaul"]
[Black "Islam, Aminul Lipon"]
[Result "1-0"]
[WhiteElo "2126"]
[BlackElo "1890"]
[PlyCount "93"]
[EventDate "2017.11.07"]
[EventType "swiss"]
[EventRounds "11"]
[EventCountry "BAN"]
[SourceTitle "CBM 181 Extra"]
[Source "ChessBase"]
[SourceDate "2017.12.12"]
[SourceVersion "1"]
[SourceVersionDate "2017.12.12"]
[SourceQuality "1"]

1. Nf3 d5 2. d3 g6 3. c3 Bg7 4. Qc2 Nf6 5. e4 dxe4 6. dxe4 0-0 7. Be2 Nc6 8. 0-0 Bg4 9. Be3 Bxf3 10. Bxf3 Ne5 11. Be2 c6 12. h3 h5 13. Nd2 Qc7 14. a4 c5 15. b3 Rfd8 16. Rad1 a6 17. Rfe1 Rac8 18. f4 Bh6 19. Nf1 Nc6 20. f5 Bxe3+ 21. Nxe3 Qf4 22. Nd5 Nxd5 23. exd5 Ne5 24. fxg6 fxg6 25. Bc4 Kg7 26. Qe4 Qxe4 27. Rxe4 Nxc4 28. bxc4 Rd7 29. Rde1 Rcc7 30. Re6 Kf7 31. Rf1+ Kg7 32. Rb1 Rd6 33. Rb6 Rxe6 34. Rxe6 Rd7 35. Rb6 h4 36. Kf2 Kh6 37. Kf3 Kg5 38. Ke4 Rc7 39. Ke5 Kh5 40. Rb2 g5 41. Rf2 Kg6 42. Ke6 g4 43. Rf4 gxh3 44. gxh3 Kg5 45. Rg4+ Kh5 46. Rg7 Kh6 47. Rxe7 1-0

[Event "Dhaka Powertec op-A"]
[Site "Dhaka"]
[Date "2017.07.19"]
[Round "5"]
[White "Gias Uddin, Mithu"]
[Black "Haque, Rezaul"]
[Result "0-1"]
[WhiteElo "2026"]
[BlackElo "2183"]
[PlyCount "118"]
[EventDate "2017.07.15"]
[EventType "swiss"]
[EventRounds "9"]
[EventCountry "BAN"]
[SourceTitle "EXT 2018"]
[Source "ChessBase"]
[SourceDate "2017.10.13"]
[SourceVersion "1"]
[SourceVersionDate "2017.10.13"]
[SourceQuality "1"]

1. e4 d6 2. c4 c5 3. Nc3 Nc6 4. g3 Nf6 5. h3 g6 6. d3 Bg7 7. Be3 0-0 8. Qd2 a6 9. Bg2 Rb8 10. Rc1 b5 11. b3 Bd7 12. Nge2 Ne8 13. 0-0 Nc7 14. Kh2 b4 15. Nd1 Ne6 16. Bh6 Ned4 17. Bxg7 Kxg7 18. Nf4 Ne5 19. f3 a5 20. Ne2 Nxe2 21. Qxe2 a4 22. d4 cxd4 23. f4 Nc6 24. Qd3 axb3 25. axb3 e5 26. f5 f6 27. Nf2 Ra8 28. g4 g5 29. Nh1 Ra2 30. Ng3 Be8 31. Qb1 Qa5 32. Rc2 Rxc2 33. Qxc2 Bf7 34. h4 h6 35. Nh5+ Bxh5 36. gxh5 Ra8 37. Rf2 Qa1 38. hxg5 hxg5 39. h6+ Kxh6 40. Rf3 Kg7 41. Rh3 Rh8 42. Rxh8 Kxh8 43. Qe2 Ne7 44. Qh5+ Kg7 45. Qe8 Qa7 46. Bf3 Ng8 47. Bh5 d3 48. Kg2 d2 49. Qe6 Qd4 50. Qd5 Qxd5 51. cxd5 Kf8 52. Kf2 Ke7 53. Ke3 Kd7 54. Kxd2 Kc7 55. Ke3 Kb6 56. Be2 Kc5 57. Bf3 Nh6 58. Kd3 g4 59. Bg2 Nf7 0-1

[Event "Dhaka Powertec op-A"]
[Site "Dhaka"]
[Date "2017.07.16"]
[Round "2"]
[White "Subrota, Biswas"]
[Black "Haque, Rezaul"]
[Result "1-0"]
[WhiteElo "2127"]
[BlackElo "2183"]
[PlyCount "41"]
[EventDate "2017.07.15"]
[EventType "swiss"]
[EventRounds "9"]
[EventCountry "BAN"]
[SourceTitle "EXT 2018"]
[Source "ChessBase"]
[SourceDate "2017.10.13"]
[SourceVersion "1"]
[SourceVersionDate "2017.10.13"]
[SourceQuality "1"]

1. Nf3 Nf6 2. c4 d6 3. g3 e5 4. Bg2 c6 5. 0-0 Be7 6. d4 Nbd7 7. Nc3 0-0 8. Qc2 Qc7 9. b3 Re8 10. Rd1 Bf8 11. h3 a5 12. e3 Rb8 13. Bb2 b5 14. c5 dxc5 15. dxe5 Nxe5 16. Nxe5 Qxe5 17. Bxc6 Bf5 18. e4 Rec8 19. Nd5 Qe6 20. Nxf6+ gxf6 21. Bd5 1-0

[Event "Dhaka SGS op"]
[Site "Dhaka"]
[Date "2017.06.09"]
[Round "7"]
[White "Haque, Rezaul"]
[Black "Mohammad, Minhaz Uddin"]
[Result "0-1"]
[WhiteElo "2143"]
[BlackElo "2420"]
[PlyCount "96"]
[EventDate "2017.06.03"]
[EventType "swiss"]
[EventRounds "9"]
[EventCountry "BAN"]
[SourceTitle "EXT 2024"]
[Source "ChessBase"]
[SourceDate "2023.10.10"]
[SourceVersion "1"]
[SourceVersionDate "2023.10.10"]
[SourceQuality "1"]

1. Nf3 d5 2. c4 d4 3. d3 c5 4. g3 Nc6 5. Bg2 e5 6. 0-0 Bd6 7. Na3 Nge7 8. Nc2 0-0 9. Bd2 h6 10. Rb1 a5 11. b3 Bg4 12. a3 f5 13. b4 axb4 14. axb4 b6 15. b5 Na5 16. Ra1 e4 17. Bxa5 Rxa5 18. Rxa5 bxa5 19. Nfe1 Qa8 20. f3 exf3 21. exf3 Bh5 22. Qe2 Rf6 23. g4 Bf7 24. gxf5 Qb8 25. f4 Nxf5 26. Be4 Bxf4 27. Kh1 Nd6 28. Bc6 Nc8 29. Ng2 Be5 30. Rxf6 Bxf6 31. Be8 Nd6 32. Bxf7+ Nxf7 33. Qe4 Qe5 34. Qg4 Bd8 35. Nge1 a4 36. Qg2 Bc7 37. Nf3 Qf4 38. Qe2 Ne5 39. Nfe1 Qf5 40. Kg2 h5 41. Qf2 Qg6+ 42. Qg3 Qxg3+ 43. hxg3 Ba5 44. Kf2 Kf7 45. Ke2 Ke6 46. Nf3 Nxf3 47. Kxf3 g5 48. Ke4 Bc7 0-1

[Event "Dhaka SGS op"]
[Site "Dhaka"]
[Date "2017.06.08"]
[Round "6"]
[White "Haque, Rezaul"]
[Black "Mehdi, Hasan Parag"]
[Result "1-0"]
[WhiteElo "2143"]
[BlackElo "2274"]
[PlyCount "105"]
[EventDate "2017.06.03"]
[EventType "swiss"]
[EventRounds "9"]
[EventCountry "BAN"]
[SourceTitle "EXT 2019"]
[Source "ChessBase"]
[SourceDate "2018.10.10"]
[SourceVersion "1"]
[SourceVersionDate "2018.10.10"]
[SourceQuality "1"]

1. Nf3 c5 2. g3 Nf6 3. Bg2 Nc6 4. 0-0 g6 5. c4 Bg7 6. Nc3 0-0 7. d4 cxd4 8. Nxd4 Nxd4 9. Qxd4 d6 10. Qd3 Bf5 11. e4 Be6 12. b3 Qd7 13. Bb2 Bh3 14. Nd5 Bxg2 15. Kxg2 Nxd5 16. Bxg7 Nf4+ 17. gxf4 Kxg7 18. e5 Rfd8 19. Rad1 Qg4+ 20. Qg3 Qe6 21. exd6 Rxd6 22. Rxd6 Qxd6 23. Qf3 Rd8 24. Re1 Rd7 25. Qe3 b6 26. Qe5+ Qf6 27. Kf3 e6 28. Ke3 h6 29. h4 Rd8 30. Rc1 Rc8 31. b4 Qxe5+ 32. fxe5 f6 33. c5 b5 34. f4 fxe5 35. fxe5 g5 36. hxg5 h5 37. Rf1 Kg6 38. Rf6+ Kxg5 39. Rxe6 Kf5 40. Rh6 Kxe5 41. Rxh5+ Ke6 42. Ke4 Rg8 43. Rh6+ Kd7 44. a3 a5 45. bxa5 Rg3 46. c6+ Kc7 47. Kd5 Rxa3 48. Rh7+ Kc8 49. Kc5 Rg3 50. Kb6 Kb8 51. Rb7+ Ka8 52. Ra7+ Kb8 53. c7+ 1-0